LEADER 01163nam a2200277 u 4500 001 000000061727 003 CaOOAMICUS 005 20070226121045.0 008 010912s1995 fr u000 u fre u 020 $a2741301441 035 $a10902525 040 $aPUL(R)$bita 100 1 $aHude, Henri.$0(OLS)http://pul/name/42095 245 10$aCroissance et Liberté :$bphilosophie de la prospérité /$cHenri Hude. 260 $aParis :$bCriterion :$bEditions du Prologue,$cc1995. 300 $a212 p. ;$c23 cm 490 1 $aCriterion.$aIdées 504 $aNote bibliografiche. 650 4$aEconomia (sociologia).$0(OLS)http://pul/subject/19436 830 0$aCriterion.$pIdées.$0(OLS)http://pul/title/82403 850 $aPUL 852 $aPUL$W1$xSL Religione 2$y84$mRH D3 246$j80363$nBK-PRI$b $qStampati altre collocazioni$B80363$CPULBib$Z2$F80363 $H $81 941 1 $a10 996 $6020$a2741301441$9(OLS)http://pul/number/79992 996 $6245$aCroissance et Liberté :$bphilosophie de la prospérité$9(OLS)http://pul/title/82402 996 $6260$aParis :$bCriterion :$bEditions du Prologue$9(OLS)http://pul/publisher/70150 LEADER 02474nam a2200469 a 4500 001 000000135867 003 CaOOAMICUS 005 20131122122040.0 008 131021s2013 it af u000 u ita r 020 $a978-88-382-4212-0 040 $aPUL$bita 082 04$a282.092 100 0 $aIohannes PP.$bXXIII,$cs.,$d1881-1963.$0(OLS)http://pul/name/11555 245 10$aLettere di fede e amicizia :$bcorrispondenza inedita (1925-1963) /$cAngelo Giuseppe Roncalli (Giovanni XXIII), Giovanni Battista Montini (Paolo VI) ; a cura di Loris F. Capovilla e Marco Roncalli. 260 $aBrescia :$bIstituto Paolo VI ;$aRoma :$bStudium,$c2013. 300 $aXXXVIII, 310 p., [6] c. di tav. :$bill. ;$c24 cm 490 1 $aQuaderni dell'Istituto ;$v32 600 04$aIohannes PP.$bXXIII,$cs.,$d1881-1963$xCorrispondenza.$0(OLS)http://pul/subject/31727 600 04$aPaulus PP.$bVI, s.,$d1897-1978$xCorrispondenza.$0(OLS)http://pul/subject/39837 700 1 $aRoncalli, Marco.$0(OLS)http://pul/name/45130 700 1 $aCapovilla, Loris Francesco,$ccardinale,$d1915-2016.$0(OLS)http://pul/name/12278 700 0 $aPaulus PP.$bVI,$cs.,$d1897-1978.$0(OLS)http://pul/name/1432 830 0$aQuaderni dell'Istituto Paolo VI ;$v32.$0(OLS)http://pul/title/7485 850 $aPUL 852 $aPUL$W1$xFondo C.V.II$y119$mBIO 16$j157074$qFondi$B156564$CPULBib$Z2$F156564 $HCVII106 $82 852 $aPUL$W1$xSL Religione 3$y85$m282. 092 CAPLO 1$j156690$qDDC 21$B156031$CPULBib$Z2$F156031 $H123056 $82 900 $aRoncalli, Angelo Giuseppe,$cs.,$d1881-1963$911555 900 $aGiovanni$bXXIII,$cpapa, s.,$d1881-1963$911555 900 $aMontini, Giovanni Battista,$cs.,$d1897-1978$91432 900 $aPaolo$bVI,$cpapa, b.,$d1897-1978$91432 910 $aPapi (1958-1963 : Iohannes PP. XXIII)$911555 910 $aPapi (1958-1963 : Iohannes PP. XXIII)$911555 910 $aPapi (1963-1978 : Paulus PP. VI)$91432 910 $aPapi (1963-1978 : Paulus PP. VI)$91432 941 1 $a1 941 1 $a9 996 $6020$a978-88-382-4212-0$9(OLS)http://pul/number/153777 996 $6082$a282.092$9(OLS)http://pul/classification/402 996 $6245$aLettere di fede e amicizia :$bcorrispondenza inedita (1925-1963)$9(OLS)http://pul/title/171770 996 $6260$aBrescia :$bIstituto Paolo VI$9(OLS)http://pul/publisher/50785 996 $6260$aRoma :$bStudium$9(OLS)http://pul/publisher/47892